Pre university zoology / (Record no. 9268)
[ view plain ]
| 000 -LEADER | |
|---|---|
| fixed length control field | 00500cam a2200205ua 4500 |
| 041 ## - LANGUAGE CODE | |
| Language code of text/sound track or separate title | eng |
| 082 ## - DEWEY DECIMAL CLASSIFICATION NUMBER | |
| Classification number | 591 |
| Item number | ANA/PR |
| 100 ## - MAIN ENTRY--AUTHOR NAME | |
| Personal name | Ananthanarayanan, V . |
| 245 ## - TITLE STATEMENT | |
| Title | Pre university zoology / |
| 260 ## - PUBLICATION, DISTRIBUTION, ETC. (IMPRINT) | |
| Place of publication | Chennai : |
| Name of publisher | S.Viswanathan , |
| Year of publication | 1958. |
| 300 ## - PHYSICAL DESCRIPTION | |
| Number of Pages | 144 ; . |
| 700 1# - ADDED ENTRY--PERSONAL NAME | |
| Personal name | Parameswaran, R . |
| 942 ## - ADDED ENTRY ELEMENTS (KOHA) | |
| Koha item type | Books |
| Withdrawn status | Lost status | Damaged status | Home library | Current library | Date acquired | Full call number | Accession Number | Koha item type | Cost, normal purchase price |
|---|---|---|---|---|---|---|---|---|---|
| Withdrawn | KAUAET | KAUAET | 07/04/2012 | 591 ANA/PR | 1958 | Books | |||
| Withdrawn | KAUAET | KAUAET | 07/04/2012 | 591 ANA/PR | 7366 | Books | 3.00 | ||
| Withdrawn | KAUAET | KAUAET | 07/04/2012 | 591 ANA/PR | 7374 | Books | 2.50 |
